[Event "HUN Team League Csongrad Region 2018-19 "]
[Site "Csongrád County"]
[Date "2019.03.03"]
[Round "7.5"]
[White "Borsi, Imre"]
[Black "Balassy, Gabor"]
[Result "1/2-1/2"]
[WhiteElo "1989"]
[BlackElo "1832"]
[PlyCount "81"]
[EventDate "2018.09.30"]
[WhiteTeam "Vásárhelyi Pákozdy FSSE"]
[BlackTeam "Makói SVSE III."]

1. d4 d5 2. c4 e6 3. Nf3 Nf6 4. Nc3 Nbd7 5. Bf4 c6 6. e3 Be7 7. Rc1 O-O 8. h3
dxc4 9. Bxc4 b5 10. Bd3 a6 11. O-O c5 12. Ne4 c4 13. Bb1 Qb6 14. Nxf6+ Nxf6 15.
e4 Bb7 16. Qe2 Kh8 17. Rfd1 Rad8 18. Be5 Ng8 19. g4 Bd6 20. Qe3 Bxe5 21. Nxe5
f6 22. Nf3 Ne7 23. b3 cxb3 24. Qxb3 Rc8 25. Rxc8 Rxc8 26. Qb4 Ng6 27. d5 Nf4
28. Qd2 Qd6 29. dxe6 Qxd2 30. Rxd2 Rc1+ 31. Kh2 Nxe6 32. Bc2 h6 33. Nh4 Bc8 34.
f3 Nd4 35. Bd1 Rc4 36. Ng6+ Kh7 37. Ne7 Be6 38. h4 Bf7 39. h5 Be6 40. Kg3 a5
41. Kf2 1/2-1/2

[Event "HUN Team League Csongrad Region 2018-19 "]
[Site "Csongrád County"]
[Date "2019.03.03"]
[Round "7.5"]
[White "Csibor, Andras"]
[Black "Buzas, Andras"]
[Result "1/2-1/2"]
[WhiteElo "1791"]
[BlackElo "1725"]
[PlyCount "70"]
[EventDate "2018.09.30"]
[WhiteTeam "Makói SVSE III."]
[BlackTeam "Vásárhelyi Pákozdy FSSE"]

1. d4 Nf6 2. c4 e5 3. d5 Bc5 4. e3 c6 5. Nc3 cxd5 6. cxd5 d6 7. Nf3 O-O 8. Be2
Bg4 9. O-O Bxf3 10. Bxf3 Nbd7 11. a3 a6 12. Bd2 b5 13. b4 Ba7 14. a4 bxa4 15.
Rxa4 Bb6 16. Qb1 Ne8 17. Qa2 Nc7 18. Be2 Nb8 19. b5 a5 20. Ne4 f5 21. Ng3 Nd7
22. Bxa5 Qf6 23. Bxb6 Nxb6 24. Rxa8 Rxa8 25. Qb3 g6 26. Rc1 Qf7 27. Rc6 Qxd5
28. Qxd5+ Ncxd5 29. Rxd6 Ra1+ 30. Nf1 Nc3 31. Rd2 Nxe2+ 32. Rxe2 Rb1 33. g3
Rxb5 34. Rc2 Nd5 35. Kg2 Kg7 1/2-1/2

[Event "HUN Team League Csongrad Region 2018-19 "]
[Site "Csongrád County"]
[Date "2019.03.03"]
[Round "7.5"]
[White "Markus, Molli Amina"]
[Black "Hajnal, Bence"]
[Result "1/2-1/2"]
[WhiteElo "1730"]
[BlackElo "1781"]
[PlyCount "83"]
[EventDate "2018.09.30"]
[WhiteTeam "Vásárhelyi Pákozdy FSSE"]
[BlackTeam "Makói SVSE III."]

1. c4 b6 2. Nc3 g6 3. Nf3 Bb7 4. g3 Bg7 5. Bg2 e6 6. O-O d6 7. d3 Ne7 8. Bd2
Nd7 9. Rb1 h6 10. Qc1 a6 11. b4 g5 12. h3 Ng6 13. Nd1 Rb8 14. Bc3 e5 15. Ne3
Ndf8 16. Nf5 Qf6 17. Nxg7+ Qxg7 18. d4 Bxf3 19. Bxf3 exd4 20. Bc6+ Kd8 21. Bb2
Ne7 22. Bg2 Ne6 23. e3 Rg8 24. exd4 Nf4 25. Qc2 Nxg2 26. Kxg2 Qg6 27. Qxg6 Nxg6
28. Rfe1 Kd7 29. a4 Rge8 30. Bc3 b5 31. axb5 axb5 32. c5 d5 33. Ra1 Rxe1 34.
Rxe1 Ra8 35. Ra1 Rxa1 36. Bxa1 h5 37. Bc3 g4 38. hxg4 hxg4 39. f3 f5 40. Bd2
Ke6 41. Kf2 Kf6 42. Ke2 1/2-1/2

[Event "HUN Team League Csongrad Region 2018-19 "]
[Site "Csongrád County"]
[Date "2019.03.03"]
[Round "7.5"]
[White "Jakso, Abel"]
[Black "Gachalyi, Gergo"]
[Result "1/2-1/2"]
[WhiteElo "1540"]
[BlackElo "1454"]
[PlyCount "27"]
[EventDate "2018.09.30"]
[WhiteTeam "Makói SVSE III."]
[BlackTeam "Vásárhelyi Pákozdy FSSE"]

1. d4 Nf6 2. Nf3 g6 3. Bf4 Bg7 4. e3 O-O 5. h3 d6 6. Be2 b6 7. O-O Bb7 8. Nbd2
c5 9. c3 Nc6 10. Rc1 Rc8 11. Bg3 Nh5 12. Bh2 Nf6 13. Bg3 Nh5 14. Bh2 1/2-1/2

[Event "HUN Team League Csongrad Region 2018-19 "]
[Site "Csongrád County"]
[Date "2019.03.03"]
[Round "7.5"]
[White "Torok, Csaba"]
[Black "Kralik, Attila"]
[Result "1-0"]
[WhiteElo "1607"]
[BlackElo "1640"]
[PlyCount "51"]
[EventDate "2018.09.30"]
[WhiteTeam "Vásárhelyi Pákozdy FSSE"]
[BlackTeam "Makói SVSE III."]

1. e4 g6 2. d4 Bg7 3. f4 d6 4. Nc3 c6 5. Nf3 Nd7 6. Be3 Nh6 7. h3 O-O 8. g4 Kh8
9. g5 Ng8 10. h4 h5 11. gxh6 Nxh6 12. h5 Nf6 13. hxg6 Nfg4 14. Qd2 f5 15. Ng5
b5 16. Nf7+ Rxf7 17. gxf7 Be6 18. Be2 b4 19. Na4 Qa5 20. Bxg4 fxg4 21. f5 Bxf7
22. Bxh6 Bf6 23. Bg5+ Kg8 24. Bxf6 exf6 25. b3 Kf8 26. Rh8+ 1-0

[Event "HUN Team League Csongrad Region 2018-19 "]
[Site "Csongrád County"]
[Date "2019.03.03"]
[Round "7.5"]
[White "Vizhanyo Gyomorei, Jozsef"]
[Black "Csikos, Adam"]
[Result "1-0"]
[WhiteElo "1544"]
[BlackElo "1320"]
[PlyCount "53"]
[EventDate "2018.09.30"]
[WhiteTeam "Makói SVSE III."]
[BlackTeam "Vásárhelyi Pákozdy FSSE"]

1. c4 Nf6 2. Nc3 c6 3. g3 d5 4. cxd5 cxd5 5. Bg2 Nc6 6. d4 h6 7. Nf3 Bf5 8. O-O
e6 9. Bf4 Qa5 10. a3 Be7 11. b4 Qb6 12. Na4 Qb5 13. Rc1 O-O 14. Nc3 Qb6 15. Ne5
Qxd4 16. Nxc6 Qxd1 17. Nxe7+ Kh8 18. Rfxd1 Bh7 19. Nb5 a6 20. Nd6 Rad8 21. Rc7
b6 22. Nc6 Ra8 23. Nxf7+ Kg8 24. Nfe5 Ne4 25. Ne7+ Kh8 26. N5g6+ Bxg6 27. Nxg6+
1-0